Normal view
MARC view
Entry Personal Name
001 - CONTROL NUMBER
- control field: 4981
003 - CONTROL NUMBER IDENTIFIER
- control field: BD-RjUL
005 - DATE AND TIME OF LATEST TRANSACTION
- control field: 20220925145021.0
008 - FIXED-LENGTH DATA ELEMENTS
- fixed length control field: 220925|| aca||aabn | a|a d
040 ## - CATALOGING SOURCE
- Original cataloging agency: BD-RjUL
- Transcribing agency: BD-RjUL
100 ## - HEADING--PERSONAL NAME
- Personal name: كاشفي، حسين واعظ # # Kashifi, Hussein Vaez
670 ## - SOURCE DATA FOUND
- Source citation: Work cat.: (BD-RjUL)80426: كاشفي، حسين واعظ # # Kashifi, Hussein Vaez, ترجمۀ أردو تفسير حسيني، مسمى به، تفسير قادري # # tarjamaە̉ 'ardu tafsir husayni, musamaa bihi, tafsir qadiriun /